Bolívia - Statistics

Estatísticas Gerais
  • Esse quiz foi jogado 7 vezes
  • A pontuação média é 3 de 15
Estatísticas das Respostas
Imagem Resposta % Correto
La Paz
100%
Cochabamba
40%
Huayna Potosí
40%
Salar de Uyuni
40%
Santa Cruz de la Sierra
20%
Uyuni
20%
Guembe
0%
Ilha do Pescado
0%
Illimani
0%
Laguna Colorada
0%
Laguna Verde
0%
North Yungas Road
0%
Parque Nacional Madidi
0%
The Witches' Market
0%
Tiauanaco
0%
Nenhum quiz correspondente encontrado
Distribuição das Pontuações
Porcentagem de Pessoas com Cada Pontuação
Percentil de Números Respondidos
Sua Pontuação Histórica
Você não jogou esse quiz